Reiseziele des Traumschiffs - Statistiken

Allgemein
  • Dieses Quiz wurde 102 mal gespielt
    21 seit der letzten Aktualisierung
  • Das Durchschnittsergebnis liegt bei 38 aus 51
Antworten auf der Karte
Die Antworten werden auf der Karte rot bzw. grün angezeigt, abhängig davon wie oft sie richtig erraten wurden.
 
Antwortstatistiken
Erste Reise Land % Korrekt
1993 Indien
100%
2026 Island
100%
2005 Kanada
100%
1990 Vereinigte Staaten
100%
1998 Argentinien
94%
2023 Bahamas
94%
1983 Brasilien
94%
2019 Japan
94%
2017 Kuba
94%
1987 Mexiko
94%
2021 Schweden
94%
2000 Seychellen
94%
1993 Südafrika
94%
1995 Australien
88%
2002 Chile
88%
1993 China
88%
1986 Indonesien
88%
1998 Jamaika
88%
1992 Norwegen
88%
2009 Peru
88%
2008 Vietnam
88%
1999 Frankreich (Französisch-Polynesien)
82%
2020 Kolumbien
82%
1983 Marokko
82%
2000 Neuseeland
82%
1986 Thailand
82%
1994 Vereinigte Arabische Emirate
82%
1981 Dominikanische Republik
76%
2013 Malaysia
76%
1993 Malediven
76%
1999 Namibia
76%
2004 Sri Lanka
76%
1982 Vereinigtes Königreich (Cayman Islands, Bermuda)
76%
1993 Ägypten
71%
1998 Ecuador (Galapagos-Inseln)
71%
1983 Kenia
71%
1995 Mauritius
71%
2005 Oman
71%
1981 Barbados
65%
2005 Myanmar
65%
1996 Singapur
53%
2008 Tansania
53%
2011 Kambodscha
47%
2025 Niederlande (Curaçao)
47%
2009 Papua-Neuguinea
47%
2019 Antigua und Barbuda
41%
1982 Grenada
41%
2004 Samoa
41%
2016 Palau
35%
2006 Botswana
24%
2003 Sambia
12%
Keine übereinstimmenden Quizze gefunden
Verteilung der Resultate
Anzahl Personen mit jedem Resultat
Perzentil nach korrekt beantworteten Fragen
Ihre Resultats-Entwicklung
Sie haben dieses Quiz seit der letzten Aktualisierung nicht gespielt